Statistiques concernant Prénoms populaires au Québec

Cliquez ici pour prendre le quiz!

Statistiques générales

  • Ce quiz a été pris 6,508 fois
    (6,387 depuis la dernière actualisation)
  • Le résultat moyen est 97 sur 199

Statistiques - réponses

Answer % Correct
jean
92%
marie
91%
pierre
87%
marc
84%
paul
83%
julie
82%
françois
82%
michel
81%
louis
80%
andré
79%
luc
78%
alex
78%
anne
77%
alexandre
74%
jacques
73%
claude
73%
philippe
72%
antoine
71%
olivier
70%
daniel
70%
martin
70%
charles
70%
louise
68%
catherine
68%
éric
67%
isabelle
67%
nicolas
67%
jeanne
66%
caroline
66%
patrick
66%
stéphanie
66%
robert
65%
denis
65%
lucie
65%
sylvie
65%
stéphane
65%
mathieu
65%
annie
64%
simon
64%
sophie
64%
julien
64%
guy
63%
michelle
63%
émilie
63%
frédéric
62%
maxime
62%
dominique
61%
françoise
61%
gabriel
61%
nathalie
61%
dominique
61%
yves
61%
alain
60%
hélène
60%
vincent
60%
david
60%
christian
60%
rené
59%
danielle
59%
martine
59%
sébastien
58%
francis
58%
guillaume
58%
valérie
58%
sylvain
57%
nicole
57%
christine
57%
alexandra
57%
denise
56%
céline
56%
benoit
56%
véronique
56%
pauline
56%
georges
55%
laurent
54%
william
54%
monique
54%
bernard
54%
jean-pierre
53%
andrée
53%
gabrielle
53%
france
53%
lise
53%
kevin
52%
marcel
52%
patricia
52%
pascal
51%
carole
51%
mario
51%
roger
51%
yvon
51%
gilles
51%
richard
51%
patrice
50%
josée
49%
étienne
49%
karine
49%
amélie
49%
audrey
49%
jean-françois
48%
sarah
48%
mélanie
47%
jonathan
47%
jacqueline
47%
francine
47%
serge
47%
chantal
46%
yvette
46%
samuel
46%
carl
46%
diane
46%
anthony
46%
maurice
45%
bruno
45%
manon
45%
line
44%
jean-paul
43%
gérard
43%
suzanne
43%
claudette
43%
joseph
43%
simone
42%
brigitte
42%
marie-pier
42%
aline
41%
geneviève
41%
raymond
41%
claire
40%
yann
40%
vanessa
40%
pierrette
40%
johanne
40%
michaël
40%
marie-ève
40%
guylaine
39%
ginette
39%
jean-marc
39%
jean-philippe
38%
yvan
38%
thérèse
38%
micheline
38%
cécile
37%
linda
37%
jocelyn
37%
marc-andré
36%
gaétan
36%
jean-claude
36%
marie-claude
36%
jérémie
36%
steve
36%
lucien
36%
jeannine
36%
maude
36%
mélissa
36%
anne-marie
36%
yannick
35%
nancy
34%
fernand
33%
madeleine
33%
jessica
33%
jocelyne
33%
colette
33%
roland
32%
annick
32%
ghislain
32%
myriam
32%
sandra
31%
dany
31%
réjean
31%
marie-josée
31%
mireille
31%
rachel
30%
gaston
30%
rémi
30%
gérald
30%
jean-guy
28%
sonia
28%
normand
28%
ghislaine
28%
huguette
28%
gilbert
27%
cynthia
27%
roxanne
27%
pierre-luc
27%
gisèle
26%
maryse
26%
rita
26%
marguerite
26%
dave
25%
donald
23%
yolande
23%
carmen
23%
jacinthe
22%
rolande
22%
lucille
21%
réal
21%
raynald
20%
cathy
20%
lorraine
18%

Distribution des résultats

Percentile by Number Answered

% des personnes avec chaque résultat

Votre développement - résultats

Vous n’avez pas pris ce quiz depuis la dernière actualisation